[Event "ITA-chT (Women) 51st"]
[Site "Brixen Bressanone"]
[Date "2019.04.30"]
[Round "5.2"]
[White "Paparella, Nicole Samantha"]
[Black "Tsolakidou, Stavroula"]
[Result "0-1"]
[WhiteElo "1827"]
[BlackElo "2429"]
[PlyCount "162"]
[EventDate "2019.04.28"]
[EventType "team-tourn"]
[EventRounds "7"]
[EventCountry "ITA"]
[SourceTitle "CBM 190 Extra"]
[Source "ChessBase"]
[SourceDate "2019.07.15"]
[SourceVersion "1"]
[SourceVersionDate "2019.07.15"]
[SourceQuality "1"]
[WhiteTeam "Dolomiti Ninfe (W)"]
[BlackTeam "Pentole Agnelli (W)"]
[WhiteTeamCountry "ITA"]
[BlackTeamCountry "ITA"]

1. Nf3 Nf6 2. g3 d5 3. Bg2 c6 4. b3 Bf5 5. Bb2 e6 6. c4 Be7 7. 0-0 0-0 8. d3 h6 9. Nbd2 Nbd7 10. Re1 Bh7 11. Ne5 Nxe5 12. Bxe5 a5 13. h3 Nd7 14. Bb2 a4 15. a3 axb3 16. Qxb3 Nc5 17. Qc2 Na4 18. Ra2 b5 19. cxb5 cxb5 20. Rb1 Qd7 21. Nf3 Rfc8 22. Qd2 Bd6 23. Ba1 Rab8 24. Qa5 Bc7 25. Qb4 Bd6 26. Qa5 Rc7 27. Kh2 Ra7 28. Qd2 Qe8 29. Nd4 Bc5 30. Kg1 Bg6 31. Nc2 Bf8 32. Bc3 Rc8 33. Ba1 Rac7 34. Nd4 Rc5 35. Nb3 Rc3 36. Nd4 R3c5 37. Nb3 Nc3 38. Bxc3 Rxc3 39. Nd4 Rxa3 40. Rxa3 Bxa3 41. Nxb5 Bc5 42. Nc3 Qc6 43. Nd1 Bd4 44. Ne3 Bh5 45. Nf1 Qa6 46. Nh2 Qa7 47. Rf1 Rb8 48. Bf3 Rb2 49. Qd1 Bg6 50. e3 Bxe3 51. fxe3 Qxe3+ 52. Kh1 Bxd3 53. Rg1 Rb1 54. Qxb1 Bxb1 55. Rxb1 Qf2 56. g4 g6 57. Rf1 Qe3 58. Kg2 e5 59. Rf2 e4 60. Be2 Qc3 61. Nf1 d4 62. Bd1 e3 63. Rf3 Qb2+ 64. Kg3 e2 65. Bxe2 Qxe2 66. Rf2 Qe5+ 67. Kg2 h5 68. gxh5 Qxh5 69. Rd2 Qd5+ 70. Kh2 Qe4 71. Kg1 f5 72. Rg2 Kf7 73. Rh2 Ke6 74. Rg2 Kf6 75. Rh2 Qf3 76. Rd2 d3 77. Rh2 Ke5 78. h4 Kd4 79. Rg2 Kc3 80. Rf2 Qg4+ 81. Rg2 Qd4+ 0-1

[Event "Chioggia op-B 12th"]
[Site "Chioggia"]
[Date "2017.10.07"]
[Round "2"]
[White "Belloni, Umberto"]
[Black "Paparella, Nicole Samantha"]
[Result "0-1"]
[WhiteElo "1735"]
[BlackElo "1829"]
[PlyCount "88"]
[EventDate "2017.10.06"]
[EventType "swiss"]
[EventRounds "5"]
[EventCountry "ITA"]
[SourceTitle "EXT 2022"]
[Source "ChessBase"]
[SourceDate "2021.10.06"]
[SourceVersion "1"]
[SourceVersionDate "2021.10.06"]
[SourceQuality "1"]

1. d4 d5 2. c3 Nf6 3. Bg5 Nc6 4. Nf3 h6 5. Bxf6 gxf6 6. e3 e6 7. g3 Bd6 8. b4 a6 9. Nbd2 Bd7 10. a4 e5 11. Nb3 e4 12. Nh4 f5 13. Ng2 Ne7 14. Nc5 Bc8 15. a5 Ng6 16. Qa4+ c6 17. c4 Bc7 18. Rc1 Kf8 19. cxd5 Qxd5 20. Bc4 Qd6 21. Rd1 Qf6 22. Qb3 Rb8 23. Qa3 Kg7 24. Nf4 h5 25. d5 Ne5 26. Be2 Nf3+ 27. Bxf3 exf3 28. Qd3 Rh6 29. Qd4 Be5 30. Qc4 h4 31. Ncd3 Bc3+ 32. Kf1 Bd7 33. Ne1 cxd5 34. Qc7 Bb5+ 35. Kg1 Be5 36. Qc2 d4 37. Nxf3 Bc6 38. Nxd4 Bxd4 39. Rxd4 Bxh1 40. Kxh1 Re8 41. Nd5 Qg6 42. Qc3 Kh7 43. gxh4 Rg8 44. Rg4 Qxg4 0-1

[Event "Olbia CIG U16 24th"]
[Site "Olbia"]
[Date "2016.06.28"]
[Round "4"]
[White "Paparella, Nicole Samantha"]
[Black "Gasparato, Angelica"]
[Result "1-0"]
[WhiteElo "1630"]
[BlackElo "1550"]
[PlyCount "47"]
[EventDate "2016.06.26"]
[EventType "swiss"]
[EventRounds "9"]
[EventCountry "ITA"]
[SourceTitle "EXT 2024"]
[Source "ChessBase"]
[SourceDate "2023.10.10"]
[SourceVersion "1"]
[SourceVersionDate "2023.10.10"]
[SourceQuality "1"]

1. e4 e5 2. Nf3 Nc6 3. Bc4 Nf6 4. Ng5 d5 5. exd5 Nxd5 6. d3 Be7 7. Qf3 Bxg5 8. Bxg5 Nd4 9. Bxd8 Nxf3+ 10. gxf3 c6 11. Bh4 Nb4 12. Kd2 f6 13. Nc3 Bf5 14. a3 b5 15. Nxb5 cxb5 16. Bxb5+ Ke7 17. axb4 Rab8 18. Rxa7+ Ke6 19. Bc4+ Kd6 20. Rxg7 Rxb4 21. b3 Ra8 22. Bxf6 Rbb8 23. Re1 Re8 24. Rg5 1-0